000 00290nam a22001337a 4500
008 170607b xxu||||| |||| 00| 0 eng d
020 _a0155952966
041 _aeng
080 _a32
100 _a18
101 _aSHH
245 _aWESTERN POLITICAL THEORY
_cBURKE.M
942 _2udc
_cBK
999 _c16213
_d16213